[Event "Lloydminster Battle at the Border"]
[Site "Lloydminster"]
[Date "2007.10.21"]
[Round "3"]
[White "Pedersen, Rick"]
[Black "Corsmeier, Tom"]
[Result "1-0"]
[WhiteElo "1967"]
[BlackElo "1495"]
[PlyCount "49"]
[EventDate "2007.10.20"]
[EventType "swiss"]
[EventRounds "4"]
[EventCountry "CAN"]
[SourceTitle "EXT 2022"]
[Source "ChessBase"]
[SourceDate "2021.10.06"]
[SourceVersion "1"]
[SourceVersionDate "2021.10.06"]
[SourceQuality "1"]

1. e4 c5 2. Nf3 Nc6 3. d4 cxd4 4. Nxd4 g6 5. Nc3 Bg7 6. Be3 Nf6 7. f4 Qa5 8. Nb3 Qd8 9. e5 Ng8 10. Qf3 Nh6 11. 0-0-0 d6 12. h3 Nf5 13. Bf2 h5 14. Bc4 Bd7 15. Ne4 dxe5 16. Nec5 Ncd4 17. Nxd4 exd4 18. Qd5 e6 19. Rhe1 0-0 20. Qxd7 Qf6 21. Nxe6 d3 22. c3 Rfe8 23. Qxd3 fxe6 24. Qe4 Kh7 25. Rd7 1-0

[Event "Yanofsky Memorial op"]
[Site "Winnipeg"]
[Date "2005.09.04"]
[Round "4"]
[White "Corsmeier, Tom"]
[Black "Klassen, Paul"]
[Result "0-1"]
[WhiteElo "1586"]
[BlackElo "1461"]
[PlyCount "125"]
[EventDate "2005.09.03"]
[EventType "swiss"]
[EventRounds "6"]
[EventCountry "CAN"]
[SourceTitle "CBM 108 Extra"]
[Source "ChessBase"]
[SourceDate "2005.11.04"]
[SourceVersion "1"]
[SourceVersionDate "2005.11.04"]
[SourceQuality "1"]

1. e4 c5 2. Nc3 Nc6 3. f4 d6 4. Nf3 Nf6 5. Be2 g6 6. d3 Bg7 7. 0-0 b6 8. Ng5 h6 9. Nf3 e6 10. Bd2 Bb7 11. Nb5 a6 12. Nc3 Nd7 13. a3 Nd4 14. Be3 Nxe2+ 15. Qxe2 Qc7 16. f5 d5 17. exd5 gxf5 18. dxe6 fxe6 19. Bd2 e5 20. Nh4 0-0-0 21. Nxf5 Bf6 22. Ne4 Rdg8 23. Ned6+ Kb8 24. Nxb7 Qxb7 25. Rf2 Rg6 26. Nd6 Qd5 27. Ne4 Bd8 28. c4 Qc6 29. b4 Rhg8 30. a4 Bh4 31. Rf3 Rxg2+ 32. Qxg2 Rxg2+ 33. Kxg2 cxb4 34. Bxb4 Qe6 35. Raf1 Qg4+ 36. Kh1 Kc7 37. a5 Qe6 38. Bd6+ Kb7 39. axb6 Kxb6 40. Rf7 Bg5 41. Rb1+ Kc6 42. Rf2 Qh3 43. Ra1 Kb7 44. Nc5+ Nxc5 45. Bxc5 Qxd3 46. Re1 Bf4 47. Rb2+ Kc6 48. Bf2 Qxc4 49. Rb6+ Kd5 50. Rd1+ Ke4 51. Rd4+ exd4 52. Kg2 d3 53. Rd6 d2 54. Kh3 Qd4 55. Rxd4+ Kf3 56. Bh4 Ke2 57. Rxf4 d1Q 58. Rf2+ Ke3 59. Kg2 a5 60. Bf6 a4 61. Rf1 Qe2+ 62. Kg1 a3 63. Rf3+ 0-1

[Event "Yanofsky Memorial op"]
[Site "Winnipeg"]
[Date "2005.09.03"]
[Round "1"]
[White "Melamedoff, Gustavo"]
[Black "Corsmeier, Tom"]
[Result "1-0"]
[WhiteElo "2024"]
[BlackElo "1586"]
[PlyCount "60"]
[EventDate "2005.09.03"]
[EventType "swiss"]
[EventRounds "6"]
[EventCountry "CAN"]
[SourceTitle "CBM 108 Extra"]
[Source "ChessBase"]
[SourceDate "2005.11.04"]
[SourceVersion "1"]
[SourceVersionDate "2005.11.04"]
[SourceQuality "1"]

1. c4 f5 2. g3 Nf6 3. Bg2 e6 4. b3 d5 5. Bb2 c6 6. e3 Nbd7 7. Ne2 Bd6 8. 0-0 e5 9. cxd5 cxd5 10. Nbc3 e4 11. Nb5 Nc5 12. Nxd6+ Qxd6 13. Ba3 Qb6 14. Qc2 Nd3 15. Nc1 Nb4 16. Qc3 a5 17. Qe5+ Kf7 18. Bb2 Bd7 19. Bd4 Qc6 20. Bc3 Nc2 21. Ne2 Rhe8 22. Nd4 Nxd4 23. Qxd4 b5 24. Rfc1 Qd6 25. Bf1 b4 26. Bb2 Rec8 27. Rc4 Qb8 28. Rxc8 Bxc8 29. Rc1 a4 30. Rc6 Ra6 1-0

[Event "Canadian op"]
[Site "Edmonton"]
[Date "2005.07.12"]
[Round "5"]
[White "Corsmeier, Tom"]
[Black "Booth, Kevin"]
[Result "1-0"]
[WhiteElo "1598"]
[BlackElo "1347"]
[PlyCount "45"]
[EventDate "2005.07.09"]
[EventType "swiss"]
[EventRounds "10"]
[EventCountry "CAN"]
[SourceTitle "CBM 107 Extra"]
[Source "ChessBase"]
[SourceDate "2005.09.01"]
[SourceVersion "1"]
[SourceVersionDate "2005.09.01"]
[SourceQuality "1"]

1. e4 c5 2. Nc3 d6 3. f4 Nc6 4. Nf3 Nf6 5. Bc4 e6 6. d3 d5 7. Bb5 dxe4 8. Bxc6+ bxc6 9. dxe4 Qxd1+ 10. Kxd1 Be7 11. Ne5 Bb7 12. Be3 0-0 13. Ke2 Rfd8 14. Rad1 Rab8 15. b3 h6 16. Kf3 Kf8 17. Na4 c4 18. Nc5 cxb3 19. cxb3 Ba8 20. Ncd7+ Nxd7 21. Nxd7+ Ke8 22. Nxb8 Rxb8 23. Bxa7 1-0